01153nac a22003497a 4500001001000000003000900010005001700019008003400036040005400070072000800124100001900132100001600151100001600167100001800183100001700201100001900218100001900237110008900256245011900345260003600464300001000500490010600510500002300616650002100639650002300660650001400683650003100697650002000728650001500748650002000763650002000783BR8006615BR-BrBNA20240105114828.0230509b bl.|||m| |||| 00| 0 por d aBR-BrBNAbporcBiblioteca Nacional de Agricultura aK101 aSilva, H.D. da1 aPires, I.E.1 aRibaski, J.1 aDrumond, M.A.1 aLima, P.C.F.1 aSouza, S.M. de1 aFerreira, C.A.1 aEmpresa Brasileira de Pesquisa Agropecuaria, Brasilia, DF. Depto. Tecnico Cientifico1 aComportamento de essencias florestais nas regioes arida e semi-arida do nordeste (resultados preliminares)[Brasil]3 aBrasilia, DF (Brasil): c1980.  a25 p. aDocumentos - Empresa Brasileira de Pesquisa Agropecuaria. Depto. Tecnico Cientifico (Brazil)vno. 1x a12 tables; 18 ref. aARVORE FLORESTAL aESSENCIA FLORESTAL aVARIEDADE aCOMPORTAMENTO DE VARIEDADE aREFLORESTAMENTO aZONA ARIDA aZONA SEMI-ARIDA aREGIAO NORDESTE